<?xml version="1.0" encoding="UTF-8"?>
<collection xmlns="http://www.loc.gov/MARC21/slim">
  <record>
    <leader>00000nam  2200000   4500</leader>
    <controlfield tag="001">INLIS000000000019046</controlfield>
    <controlfield tag="005">20250203114912</controlfield>
    <datafield tag="035" ind1="#" ind2="#">
      <subfield code="a">0010-0225000003</subfield>
    </datafield>
    <controlfield tag="007">ta</controlfield>
    <controlfield tag="008">250203################g##########0#ind##</controlfield>
    <datafield tag="100" ind1=" " ind2="#">
      <subfield code="a">Freddy Rangkuti</subfield>
    </datafield>
    <datafield tag="245" ind1="1" ind2="#">
      <subfield code="a">Customer Care Excellence: Meningkatkan Kinerja Perusahaan Melalui Pelayanan Prima Plus Analisis Kasus Jasa Raharja /</subfield>
      <subfield code="c">Freddy Rangkuti</subfield>
    </datafield>
    <datafield tag="260" ind1="#" ind2="#">
      <subfield code="a">Jakarta :</subfield>
      <subfield code="b">Gramedia,</subfield>
      <subfield code="c">2017</subfield>
    </datafield>
    <datafield tag="300" ind1="#" ind2="#">
      <subfield code="a">xvi, 397 hlm ;</subfield>
      <subfield code="c">10.6 MB</subfield>
    </datafield>
    <datafield tag="020" ind1="#" ind2="#">
      <subfield code="a">978-602-06-0361-2</subfield>
    </datafield>
    <datafield tag="082" ind1="#" ind2="#">
      <subfield code="a">658.8342</subfield>
    </datafield>
    <datafield tag="084" ind1="#" ind2="#">
      <subfield code="a">658.8342 FRE c</subfield>
    </datafield>
    <datafield tag="650" ind1="#" ind2="4">
      <subfield code="a">Kinerja Perusahaan</subfield>
    </datafield>
    <datafield tag="520" ind1="#" ind2="#">
      <subfield code="a">Saat ini, customer service yang hanya bertujuan memenuhi ekspektasi serta kepuasan pelanggan tidak lagi mampu mengatasi masalah-masalah yang dihadapi perusahaan. Perusahaan membutuhkan konsep layanan yang lebih proaktif, lebih peduli terhadap pelanggan, lebih memperhatikan perubahan perilaku pelanggan, dan lebih dekat dengan pelanggan sehingga pelanggan memiliki ikatan yang kuat dengan perusahaan. Customer Care memenuhi kebutuhan-kebutuhan tersebut. Customer Care tidak sekadar berfokus pada hard skill seperti product knowledge, keterampilan teknis, dan administrasi, tetapi juga mendorong setiap personel di dalam perusahaan untuk melayani pelanggan dengan sepenuh hati dan sentuhan personal.&#13;
&#13;
Buku ini menjelaskan urgensi customer care saat ini, dan bagaimana customer care dapat diterjemahkan ke dalam program pengembangan customer care excellence. Memberikan pelayanan yang sangat mengesankan, cepat, penuh perhatian, serta dikerjakan dengan sepenuh hati secara terus-menerus terbukti meningkatkan loyalitas pelanggan, yang pada akhirnya memberikan profit jangka panjang bagi perusahaan.</subfield>
    </datafield>
    <datafield tag="856" ind1="#" ind2="#">
      <subfield code="a">https://web-ipustakalan.moco.co.id/book/d8f1683a-7cac-4548-a10e-e7df54d983d8</subfield>
    </datafield>
    <datafield tag="990" ind1="#" ind2="#">
      <subfield code="a">2024/4/A/0104</subfield>
    </datafield>
    <datafield tag="990" ind1="#" ind2="#">
      <subfield code="a">2024/4/A/0105</subfield>
    </datafield>
  </record>
</collection>
